<?xml version="1.0" encoding="UTF-8"?>
<record
    xmlns:xsi="http://www.w3.org/2001/XMLSchema-instance"
    xsi:schemaLocation="http://www.loc.gov/MARC21/slim http://www.loc.gov/standards/marcxml/schema/MARC21slim.xsd"
    xmlns="http://www.loc.gov/MARC21/slim">

  <leader>00776nam a2200205 i 4500</leader>
  <controlfield tag="001">181868</controlfield>
  <controlfield tag="003">ES-MaACL</controlfield>
  <controlfield tag="005">20231021145038.0</controlfield>
  <controlfield tag="008">130503s2011    sp     | |||||||| | spa d</controlfield>
  <datafield tag="020" ind1=" " ind2=" ">
    <subfield code="a">978-84-615-1962-0</subfield>
  </datafield>
  <datafield tag="080" ind1=" " ind2=" ">
    <subfield code="a">226.3.07</subfield>
  </datafield>
  <datafield tag="100" ind1="1" ind2=" ">
    <subfield code="a">Manrique Campillo, Andr&#xE9;s.</subfield>
    <subfield code="9">152673</subfield>
  </datafield>
  <datafield tag="245" ind1="1" ind2="0">
    <subfield code="a">A vino nuevo, odres nuevos : </subfield>
    <subfield code="b">comentarios actualizados de relatos evang&#xE9;licos / </subfield>
    <subfield code="c">Andr&#xE9;s Manrique Campillo.</subfield>
  </datafield>
  <datafield tag="260" ind1=" " ind2=" ">
    <subfield code="a">[Congosto de Valdavia, Palencia] : </subfield>
    <subfield code="b">A. Campillo, </subfield>
    <subfield code="c">2011 (</subfield>
    <subfield code="e">[Palencia] : </subfield>
    <subfield code="f">V. Merino)</subfield>
  </datafield>
  <datafield tag="300" ind1=" " ind2=" ">
    <subfield code="a">XXXVI, 289 p. ; </subfield>
    <subfield code="c">22 cm.</subfield>
  </datafield>
  <datafield tag="630" ind1="0" ind2="4">
    <subfield code="a">Biblia. </subfield>
    <subfield code="p">N.T. </subfield>
    <subfield code="p">Evangelio seg&#xFA;n Marcos-</subfield>
    <subfield code="v">Comentarios.</subfield>
    <subfield code="9">139831</subfield>
  </datafield>
  <datafield tag="852" ind1=" " ind2=" ">
    <subfield code="a">ES-MaACL</subfield>
    <subfield code="j">A-12685</subfield>
    <subfield code="9">188776</subfield>
    <subfield code="b">R.148762</subfield>
    <subfield code="c">DEPO1</subfield>
    <subfield code="d">Olim: N-5686</subfield>
  </datafield>
  <datafield tag="942" ind1=" " ind2=" ">
    <subfield code="2">udc</subfield>
    <subfield code="c">MONOGRAFIA</subfield>
  </datafield>
  <datafield tag="999" ind1=" " ind2=" ">
    <subfield code="c">181868</subfield>
    <subfield code="d">181868</subfield>
  </datafield>
  <datafield tag="952" ind1=" " ind2=" ">
    <subfield code="0">0</subfield>
    <subfield code="1">0</subfield>
    <subfield code="2">udc</subfield>
    <subfield code="4">0</subfield>
    <subfield code="7">0</subfield>
    <subfield code="a">ATENEOM</subfield>
    <subfield code="b">ATENEOM</subfield>
    <subfield code="c">DEPO1</subfield>
    <subfield code="d">2013-05-03</subfield>
    <subfield code="e">DONACION</subfield>
    <subfield code="l">0</subfield>
    <subfield code="o">A-12685</subfield>
    <subfield code="p">1191126</subfield>
    <subfield code="r">2023-02-23 00:00:00</subfield>
    <subfield code="w">2023-02-23</subfield>
    <subfield code="y">MONOGRAFIA</subfield>
  </datafield>
</record>
